000 00592nam a22001817a 4500
999 _c17769
_d17769
008 190625b xxu||||| |||| 00| 0 eng d
020 _a0830816534
040 _aKABU
_cKABU
050 _aBR115
_b.H6D38 1993 c. 1
100 _aDavies, Bob
245 _aComing out of homosexuality
_bwith questions for individuals & groups
_cBob Davies & Lori Rentzel
246 _aNew freedom for men & women
260 _aIllinois
_bInterVarsity Press
_c1993
300 _a208 p.
650 _aHomosexuality
_xReligious aspects
_xChristianity
700 _aRentzel, Lori
942 _2lcc
_cBK
_hBR115